000 00826nam a2200277Ia 4500
001 Para_7086
003 CHAP
008 220125s1958 xx 000 0 und d
010 _a205907
020 _aM/BAJA
040 _cCHAP
082 _aPA 633.61 I57
110 _aInstituto para el mejoramiento de la producción de Azúcar (México)
_959422
245 _aEl Mejoramiento sistemático de la caña de azucar en México :
_b textos y anexos /
_c por IMPA
260 _aMéxico :
_b El Instituto
300 _av.
650 _aCaña de azúcar
_x mejoramiento
_918626
650 _aCaña de azúcar
_x México
_9165226
901 _aPA 633.61 I57
902 _aM
905 _a0000001958 0000000000 00
910 _a1958
942 _cPARA
942 _cPARA
_d1
999 _c205907
_d205907